000 00296cam a22001097a 4500
008 180718b1950 xxu||||| |||| 00| 0 eng d
082 _aET109x42 R812
245 _aRoyal economic society: list of fellows
260 _aLondon
_bRichad Clay and Company
_c1950
300 _a156p.
650 _aEconomic
999 _c431463
_d431463